الإمام القشيري : (Record no. 8026)
[ view plain ]
| 000 -الفاتح | |
|---|---|
| حقل البيانات ثابتة الطول | 00977nac a22001931u 4500 |
| 008 - عناصر البيانات ثابتة الطول - معلومات عامة | |
| حقل البيانات ثابتة الطول | 100810t1972 ua|||||r|||| 001 0dara d |
| 082 ## - رقم تصنيف ديوى العشرى | |
| رقم التصنيف | 269.9255 |
| رقم المادة | ب س ي |
| 100 ## - المدخل الرئيسى - إسم شخصى | |
| الإسم الشخصى | بسيوني ، إبراهيم |
| 9 (RLIN) | 17387 |
| 110 ## - المدخل الرئيسى - إسم هيئة | |
| اسم الهيئة أو اسم السلطة كمدخل | Mogamaa Al Behoth Al Islameya |
| 9 (RLIN) | 17389 |
| 245 ## - بيان العنوان | |
| العنوان | الإمام القشيري : |
| بقية العنوان | سيرته - آثاره - مذهبه في التصوف / |
| بيان المسئوليه,etc | إبراهيم بسيوني |
| 260 ## - PUBLICATION, DISTRIBUTION, ETC. (IMPRINT) | |
| مكان الناشر او الموزع | القاهرة : |
| اسم الناشر او الموزع | 1972 ،مجمع البحوث الأسلامية |
| تاريخ النشر أو التوزيع | 1972 |
| 300 ## - الوصف المادى | |
| التعداد | 336 ص ؛ . |
| أبعاد الوعاء | 24 سم. |
| 504 ## - تبصرة ببليوجرافية | |
| تبصرة ببليوجرافية,الخ | يحتوي علي ببليوجافية ص 324-329 |
| 511 ## - | |
| -- | Catalogued by: Sara |
| 600 ## - المدخل الاضافى بالموضوع-اسم شخصى | |
| 9 (RLIN) | 17388 |
| الإسم الشخصى | القشيري ، عبد الرحيم بن هوازن |
| 650 ## - المدخل الاضافى بالموضوع-مصطلح موضوعى | |
| مصطلح موضوعي أو اسم جغرافي كعنصر مدخل | المتصوفون الايرانيون |
| 9 (RLIN) | 15156 |
| 942 ## - عناصر المدخل الإضافي( كوها) | |
| Koha [default] item type | Book - Borrowing |
| سابقة رقم الطلب | 269.9255ب س ي |
| مصدر التصنيف او مخطط الترفيف | Dewey Decimal Classification |
| حالة التراجع | حالة الفقد | مصدر التصنيف او خطة الترفيف | حالة تلف | ليس للاعارة | مجموعات كوها | المكان الدائم | المكان الحالي | موقع الترفيف | تاريخ الاكتساب | Source of acquisition | رقم الاستدعاء | الباركود | Date last seen | نوع الوعاء |
|---|---|---|---|---|---|---|---|---|---|---|---|---|---|---|
| Dewey Decimal Classification | Alef-Baa | Central Library | Central Library | Lower Floor | 10/08/2010 | 269.9255 ب س ي | 000009815 | 15/07/2025 | Book - Borrowing |